000 00503nam a22001937a 4500
005 20240228104559.0
008 240228b ||||| |||| 00| 0 eng d
020 _a9789390942985
040 _aIN-DiNC
_cIN-DiNC
041 _deng
082 _a657.42
_bGOS
100 _aGoswami, Nabajyoti
_eauthor
245 _aCost accounting/
_cby Nabajyoti Goswami
250 _a1st imp.
260 _aGuwahati:
_bAshok publication,
_c2024.
300 _a370p.
650 _aElements of cost
942 _2ddc
_cBK
999 _c11771
_d11771